000
00223nam a2200097Ia 4500
005
20251222114347.0
008
251222s1900||||xx |||||||||||||| ||spa||
082
_a
DVD0010/G81/2000
245
0
_a
Duelo de Halcones:
942
_c
DVD
999
_c
1082
_d
1082